[Event "POL-chT U19 2nd League"]
[Site "Chelm Lubelski"]
[Date "2010.07.13"]
[Round "10"]
[White "Rudol, Maria"]
[Black "Szurek, Oriana"]
[Result "0-1"]
[WhiteElo "1473"]
[BlackElo "1496"]
[PlyCount "68"]
[EventDate "2010.07.06"]
[EventType "team-tourn"]
[EventRounds "11"]
[EventCountry "POL"]
[SourceTitle "EXT 2011"]
[Source "ChessBase"]
[SourceDate "2010.11.26"]
[SourceVersion "1"]
[SourceVersionDate "2010.11.26"]
[SourceQuality "1"]
[WhiteTeam "Jaworzno JKSz MCKiS U19 II"]
[BlackTeam "Rydultowy Ognisko U19"]
[WhiteTeamCountry "POL"]
[BlackTeamCountry "POL"]

1. c4 e5 2. Nc3 Nf6 3. g3 c6 4. Bg2 d5 5. cxd5 cxd5 6. d4 exd4 7. Qxd4 Nc6 8. Qd1 d4 9. Ne4 Nxe4 10. Bxe4 Bb4+ 11. Bd2 Qa5 12. Bg2 0-0 13. Nf3 Re8 14. 0-0 Bxd2 15. Nxd2 Qe5 16. Nb3 Bg4 17. Bf3 Bxf3 18. exf3 Qd5 19. Qd3 Ne5 20. Qd1 Nxf3+ 21. Kg2 Nd2+ 22. Kg1 Nxf1 23. Qxf1 Rad8 24. Qd3 Qe4 25. Qd2 d3 26. Rd1 Qf3 27. Rf1 Re2 28. Qg5 Rde8 29. Nd4 Qe4 30. Nxe2 Qxe2 31. Qc1 d2 32. Qb1 Qe1 33. Qd1 Qxd1 34. Rxd1 Re1+ 0-1